[Event "SVK-ch U16"]
[Site "Sliac"]
[Date "2011.04.07"]
[Round "9"]
[White "Petras, Marian"]
[Black "Berger, Patrik"]
[Result "1/2-1/2"]
[WhiteElo "1788"]
[BlackElo "1704"]
[PlyCount "43"]
[EventDate "2011.03.31"]
[EventType "swiss"]
[EventRounds "9"]
[EventCountry "SVK"]
[SourceTitle "CBM 141 Extra"]
[Source "ChessBase"]
[SourceDate "2011.05.03"]
[SourceVersion "1"]
[SourceVersionDate "2011.05.03"]
[SourceQuality "1"]

1. e4 c5 2. Nf3 Nc6 3. d4 cxd4 4. Nxd4 g6 5. Be3 Bg7 6. Nc3 d6 7. Bc4 Nf6 8. f3 0-0 9. Qd2 Bd7 10. 0-0-0 Rc8 11. Bb3 Na5 12. g4 Nc4 13. Bxc4 Rxc4 14. h4 h5 15. Bh6 hxg4 16. h5 Rxd4 17. Qxd4 Bxh6+ 18. Kb1 Nxh5 19. Rdg1 gxf3 20. Rxh5 Bg7 21. Qd5 gxh5 22. Rxg7+ 1/2-1/2

[Event "SVK-ch U16"]
[Site "Sliac"]
[Date "2011.04.06"]
[Round "8"]
[White "Berger, Patrik"]
[Black "Sebo, Viktor"]
[Result "0-1"]
[WhiteElo "1704"]
[BlackElo "1945"]
[PlyCount "71"]
[EventDate "2011.03.31"]
[EventType "swiss"]
[EventRounds "9"]
[EventCountry "SVK"]
[SourceTitle "CBM 141 Extra"]
[Source "ChessBase"]
[SourceDate "2011.05.03"]
[SourceVersion "1"]
[SourceVersionDate "2011.05.03"]
[SourceQuality "1"]

1. e4 e5 2. Nf3 Nc6 3. Bc4 Nf6 4. Nc3 Nxe4 5. Nxe4 d5 6. Bb5 dxe4 7. Nxe5 Qg5 8. d4 Qxg2 9. Rf1 a6 10. Bxc6+ bxc6 11. Bf4 Bh3 12. Kd2 Qxf1 13. Qxf1 Bxf1 14. Rxf1 Bd6 15. Ke3 f6 16. Nxc6 Bxf4+ 17. Kxf4 Kd7 18. d5 Rhe8 19. Rg1 g6 20. b4 f5 21. h4 e3 22. f3 Kd6 23. c4 e2 24. Re1 h6 25. a3 g5+ 26. hxg5 hxg5+ 27. Kxg5 Re3 28. Kxf5 Rf8+ 29. Kg4 Rfxf3 30. Rxe2 Rg3+ 31. Kf4 Ref3+ 32. Ke4 Rxa3 33. c5+ Kd7 34. Ne5+ Kc8 35. Kd4 a5 36. Kc4 0-1

[Event "SVK-ch U16"]
[Site "Sliac"]
[Date "2011.04.05"]
[Round "7"]
[White "Liscinsky, Martin"]
[Black "Berger, Patrik"]
[Result "0-1"]
[WhiteElo "1773"]
[BlackElo "1704"]
[PlyCount "44"]
[EventDate "2011.03.31"]
[EventType "swiss"]
[EventRounds "9"]
[EventCountry "SVK"]
[SourceTitle "CBM 141 Extra"]
[Source "ChessBase"]
[SourceDate "2011.05.03"]
[SourceVersion "1"]
[SourceVersionDate "2011.05.03"]
[SourceQuality "1"]

1. e4 c5 2. Nf3 d6 3. d4 cxd4 4. Nxd4 Nf6 5. Nc3 a6 6. Be2 e6 7. Be3 Be7 8. 0-0 Qc7 9. a4 Nbd7 10. f4 0-0 11. Qe1 b6 12. Bf3 Bb7 13. f5 e5 14. Nb3 b5 15. Qg3 Rfc8 16. Bh6 Bf8 17. axb5 axb5 18. Nxb5 Qb6+ 19. N5d4 exd4 20. Kh1 Rxa1 21. Rxa1 Rxc2 22. e5 dxe5 0-1

[Event "SVK-ch U16"]
[Site "Sliac"]
[Date "2011.04.03"]
[Round "5"]
[White "Berger, Patrik"]
[Black "Hrstka, Samuel"]
[Result "1/2-1/2"]
[WhiteElo "1704"]
[BlackElo "1730"]
[PlyCount "45"]
[EventDate "2011.03.31"]
[EventType "swiss"]
[EventRounds "9"]
[EventCountry "SVK"]
[SourceTitle "CBM 141 Extra"]
[Source "ChessBase"]
[SourceDate "2011.05.03"]
[SourceVersion "1"]
[SourceVersionDate "2011.05.03"]
[SourceQuality "1"]

1. e4 e6 2. d4 d5 3. Nd2 Nf6 4. e5 Nfd7 5. Bd3 c5 6. c3 Qb6 7. Ne2 Nc6 8. Nf3 cxd4 9. cxd4 f6 10. exf6 Nxf6 11. 0-0 Bd6 12. a3 0-0 13. b4 Ng4 14. h3 Rxf3 15. gxf3 Nh2 16. Be3 Nxf1 17. Qxf1 Qc7 18. f4 Qf7 19. Qg2 Bd7 20. Kh1 Qf6 21. Rg1 a6 22. Qg4 Kf7 23. Nc3 1/2-1/2

[Event "SVK-ch U16"]
[Site "Sliac"]
[Date "2011.04.01"]
[Round "3"]
[White "Berger, Patrik"]
[Black "Kerdik, Adam"]
[Result "1-0"]
[WhiteElo "1704"]
[BlackElo "1781"]
[PlyCount "71"]
[EventDate "2011.03.31"]
[EventType "swiss"]
[EventRounds "9"]
[EventCountry "SVK"]
[SourceTitle "CBM 141 Extra"]
[Source "ChessBase"]
[SourceDate "2011.05.03"]
[SourceVersion "1"]
[SourceVersionDate "2011.05.03"]
[SourceQuality "1"]

1. e4 c5 2. f4 Nc6 3. Bb5 a6 4. Bxc6 bxc6 5. Nf3 d5 6. e5 e6 7. Nc3 Ne7 8. 0-0 Ng6 9. d3 Be7 10. Bd2 Rb8 11. b3 0-0 12. Qe1 Re8 13. Na4 Qc7 14. Qf2 Qa7 15. Be3 d4 16. Bd2 Rd8 17. Nb2 a5 18. Qe1 Ra8 19. Qe4 Qc7 20. Nc4 Bb7 21. a4 Ra7 22. Rf2 Bf8 23. h4 h6 24. g4 Ne7 25. h5 Bc8 26. Qe1 Rd5 27. Bxa5 Qb8 28. Bb6 Ra6 29. a5 Bd7 30. Nfd2 Nc8 31. Ne4 Be8 32. Rg2 Qb7 33. g5 hxg5 34. Rxg5 Kh8 35. Qg3 Rd8 36. Bxd8 1-0

[Event "SVK-chT3A2 1011"]
[Site "Slovakia"]
[Date "2010.11.14"]
[Round "3.8"]
[White "Slaby, Jozef"]
[Black "Berger, Patrik"]
[Result "1/2-1/2"]
[WhiteElo "1865"]
[BlackElo "1720"]
[PlyCount "72"]
[EventDate "2010.10.17"]
[EventType "team-tourn"]
[EventRounds "11"]
[EventCountry "SVK"]
[SourceTitle "EXT 2012"]
[Source "ChessBase"]
[SourceDate "2011.11.24"]
[SourceVersion "1"]
[SourceVersionDate "2011.11.24"]
[SourceQuality "1"]
[WhiteTeam "Piestany Kupele II"]
[BlackTeam "Skalica"]
[WhiteTeamCountry "SVK"]
[BlackTeamCountry "SVK"]

1. d4 Nf6 2. c4 g6 3. Nc3 Bg7 4. e4 d6 5. f3 0-0 6. Be3 Nc6 7. Qd2 e5 8. d5 Ne7 9. Bd3 Ne8 10. g4 c6 11. h4 cxd5 12. cxd5 f6 13. Nge2 Bd7 14. Ng3 Qa5 15. Ke2 Nc7 16. a4 Na6 17. Bb5 Rfd8 18. h5 g5 19. Nf5 Nxf5 20. exf5 h6 21. Rhc1 Kf7 22. Kf2 Ke7 23. Bxa6 Qxa6 24. b4 b6 25. Qe2 Qxe2+ 26. Kxe2 Rdc8 27. b5 Rc4 28. Kd3 Rac8 29. Ne2 Rxc1 30. Rxc1 Rxc1 31. Nxc1 Kd8 32. Kc4 Kc7 33. Nd3 a5 34. bxa6 Bxa4 35. Kb4 Bd1 36. Ne1 Be2 1/2-1/2

[Event "SVK-chT3A2 1011"]
[Site "Slovakia"]
[Date "2010.10.31"]
[Round "2.7"]
[White "Bjel, Jan"]
[Black "Berger, Patrik"]
[Result "1/2-1/2"]
[WhiteElo "1883"]
[BlackElo "1720"]
[PlyCount "79"]
[EventDate "2010.10.17"]
[EventType "team-tourn"]
[EventRounds "11"]
[EventCountry "SVK"]
[SourceTitle "EXT 2012"]
[Source "ChessBase"]
[SourceDate "2011.11.24"]
[SourceVersion "1"]
[SourceVersionDate "2011.11.24"]
[SourceQuality "1"]
[WhiteTeam "Vrbove"]
[BlackTeam "Skalica"]
[WhiteTeamCountry "SVK"]
[BlackTeamCountry "SVK"]

1. e4 c5 2. Nf3 Nc6 3. d4 cxd4 4. Nxd4 g6 5. Nxc6 bxc6 6. Qd4 Nf6 7. e5 Qa5+ 8. Bd2 Qd5 9. Be3 Qxd4 10. Bxd4 Nd5 11. e6 f6 12. exd7+ Bxd7 13. c4 Nc7 14. Nd2 e5 15. Bc3 Ne6 16. Nf3 c5 17. g3 Nd4 18. Nxd4 exd4 19. Bd2 Bc6 20. Rg1 Bd6 21. Bg2 Bxg2 22. Rxg2 Kd7 23. f3 Rhe8+ 24. Re2 f5 25. Kf2 Rxe2+ 26. Kxe2 Re8+ 27. Kd3 Re6 28. a3 Kc6 29. b4 a6 30. Re1 Rxe1 31. Bxe1 Be5 32. h3 h5 33. g4 Bf4 34. bxc5 Be5 35. Bb4 Bf6 36. Kc2 Be5 37. Kd3 Bf6 38. a4 Be5 39. Ke2 Bf6 40. Kd3 1/2-1/2